00518nam a2200169Ia 450000500170000000800410001702000150005808200130007324500290008626000420011530000130015750000380017070000240020894200060023295200950023899900150033320250702022202.0240331s9999 xx 000 0 und d a9559140124 bSRIa392 0aSri Lankawe jeevana rata aKelaniyabSheela Printers Worksc1995 a139 p ., aTraditional Sri Lankan Lifestyles aS.Wijesuriya. eedt cL 001040708LaWERCLbWERCLcSSCd2024-03-31l0o 392 SRIp3882r2024-03-31w2024-03-31yL c5188d5188